Welcome to WEB OPAC of MRSPTU Central Library

Asian Journal of Computer Science And Technology (Record no. 10237)

MARC details
000 -LEADER
fixed length control field 00356nas a22001337a 4500
003 - CONTROL NUMBER IDENTIFIER
control field OSt
005 - DATE AND TIME OF LATEST TRANSACTION
control field 20240513123658.0
008 - FIXED-LENGTH DATA ELEMENTS--GENERAL INFORMATION
fixed length control field 240513b |||||||| |||| 00| 0 eng d
022 ## - INTERNATIONAL STANDARD SERIAL NUMBER
International Standard Serial Number 2249-071
040 ## - CATALOGING SOURCE
Transcribing agency MRSPTU
245 ## - TITLE STATEMENT
Title Asian Journal of Computer Science And Technology
260 ## - PUBLICATION, DISTRIBUTION, ETC.
Place of publication, distribution, etc. Coimbatore Tamil Nadu
Name of publisher, distributor, etc. Research Publication
942 ## - ADDED ENTRY ELEMENTS (KOHA)
Source of classification or shelving scheme Dewey Decimal Classification
Koha item type Periodical
Suppress in OPAC No
Serial record flag 1
Holdings
Withdrawn status Lost status Source of classification or shelving scheme Damaged status Not for loan Home library Current library Date acquired Total checkouts Barcode Date last seen Price effective from Koha item type
    Dewey Decimal Classification     MRSPTU Central Library MRSPTU Central Library 05/13/2024   PR 23 05/13/2024 05/13/2024 Periodical
    Dewey Decimal Classification     MRSPTU Central Library MRSPTU Central Library 05/13/2024     05/13/2024 05/13/2024 Periodical
    Dewey Decimal Classification     MRSPTU Central Library MRSPTU Central Library 05/13/2024   PR23 05/13/2024 05/13/2024 Periodical

Website Designed and Developed by MRSPTU Central Library Team

E-mail Id: librarian@mrsptu.ac.in